Top 10 des animaux avec la mâchoire la plus puissante - Statistiques

Statistiques générales
  • Ce quiz a été pris 165 fois
  • Le résultat moyen est 5 sur 10
Statistiques - réponses
Hint Réponse % Correct
1 Crocodile
90%
3 Hippopotame
83%
4 Ours
63%
6 Hyène
51%
8 Jaguar
49%
10 Requin blanc
46%
7 Gorille
45%
2 Orque
42%
5 Morse
12%
9 Aigle royal
8%
Aucun quiz correspondant
Distribution des résultats
% des personnes avec chaque résultat
Percentile par nombre de réponses
Votre historique - résultats
Vous n’avez pas pris ce quiz